Nuestro antepasado el hombre (Record no. 92793)

MARC details
000 -LEADER
campo de control de longitud fija 00656nam a2200193 i 4500
001 - NÚMERO DE CONTROL
campo de control 92793
003 - IDENTIFICADOR DE NÚMERO DE CONTROL
campo de control ES-MaACL
005 - FECHA Y HORA DE LA ÚLTIMA TRANSACCIÓN
campo de control 20230906181048.0
007 - CAMPO FIJO DE DESCRIPCIÓN FÍSICA--INFORMACIÓN GENERAL
campo de control de longitud fija t|
008 - DATOS DE LONGITUD FIJA--INFORMACIÓN GENERAL
campo de control de longitud fija 050328s1957 sp ||||1| spa d
100 1# - ENTRADA PRINCIPAL--NOMBRE DE PERSONA
Nombre de persona Lissner, Ivar.
9 (RLIN) 72550
245 10 - MENCIÓN DEL TÍTULO
Título Nuestro antepasado el hombre
Resto del título : (7000 años de civilización) /
Mención de responsabilidad, etc. Ivar Lissner; [traducción del alemán por Federico Armenter].
250 ## - MENCION DE EDICION
Mención de edición [Edición dirigida por Ramón Huguet].
260 ## - PUBLICACIÓN, DISTRIBUCIÓN, ETC.
Lugar de publicación, distribución, etc. Barcelona :
Nombre del editor, distribuidor, etc. Jano,
Fecha de publicación, distribución, etc. 1957.
300 ## - DESCRIPCIÓN FÍSICA
Extensión 496 p. :
Otras características físicas il. ;
Dimensiones 25 cm.
700 1# - ENTRADA AGREGADA--NOMBRE PERSONAL
Nombre de persona Armenter de Monasterio, Federico.
9 (RLIN) 22956
700 1# - ENTRADA AGREGADA--NOMBRE PERSONAL
Nombre de persona Huguet, Ramón.
9 (RLIN) 64646
852 ## - LOCALIZACIÓN
Ubicación ES-MaACL
Número de control de estantería C-15797
Sublocalización o colección R.43902
Holdings
Estatus retirado Estado de pérdida Estado de daño No para préstamo Biblioteca de origen Biblioteca actual Ubicación en estantería Fecha de adquisición Fuente de adquisición Total de préstamos Signatura topográfica completa Código de barras Visto por última vez Precio de reemplazo Tipo de ítem Koha
        Biblioteca del Ateneo de Madrid Biblioteca del Ateneo de Madrid Ficheros 17/01/2008     C-15797 1096869 23/02/2023 23/02/2023 Libro impreso